| 000 | 01059nam a2200325 i 4500 | ||
|---|---|---|---|
| 001 | 013464922 | ||
| 003 | EG-ScBUE | ||
| 005 | 20230515100937.0 | ||
| 008 | 051212r20102006enk f b 001 0 eng d | ||
| 020 | _a9781845112226 (pbk.) : | ||
| 020 | _a1845112229 (pbk.) : | ||
| 040 |
_aStDuBDS _beng _erda _cStDuBDS _dUk _dEG-ScBUE |
||
| 082 | 0 | 4 |
_a720.1 _222 _bREN |
| 100 | 1 |
_aRendell, Jane, _d1967- _eauthor. |
|
| 245 | 1 | 0 |
_aArt and architecture : _ba place between / _cJane Rendell. |
| 250 | _aReprint edition. | ||
| 264 | 1 |
_aLondon ; _aNew York : _bI.B. Tauris, _c2010. |
|
| 300 |
_axv, 240 pages ; _c24 cm |
||
| 336 |
_atext _2rdacontent _btxt |
||
| 337 |
_aunmediated _2rdamedia _bn |
||
| 338 |
_avolume _2rdacarrier _bnc |
||
| 504 | _aIncludes bibliographical references and index. | ||
| 540 |
_aCurrent Copyright Fee: GBP30.00 _c0 _5Uk |
||
| 650 | 7 |
_aArt and architecture. _2BUEsh |
|
| 653 |
_bART _cMay2023 |
||
| 655 | _vReading book | ||
| 942 |
_2ddc _cBB |
||
| 999 |
_c30371 _d30342 |
||